Online
Catalog

Lengua española 5 : (Record no. 47422)

MARC details
000 -CABECERA
campo de control de longitud fija 00963nam a2200253 a 4500
001 - NÚMERO DE CONTROL
campo de control 000047934
005 - FECHA Y HORA DE LA ÚLTIMA TRANSACCIÓN
campo de control 20201002060820.0
008 - DATOS DE LONGITUD FIJA--INFORMACIÓN GENERAL
campo de control de longitud fija 150602s2016 dr a 000 0 spa d
020 ## - NÚMERO INTERNACIONAL ESTÁNDAR DEL LIBRO
Número Internacional Estándar del Libro 9789945595758
082 ## - NÚMERO DE LA CLASIFICACIÓN DECIMAL DEWEY
Número de clasificación xx
Número de documento/Ítem xx
040 ## - FUENTE DE LA CATALOGACIÓN
Centro catalogador/agencia de origen DO-SdBNP
100 1# - ENTRADA PRINCIPAL--NOMBRE DE PERSONA
Nombre de persona Valdez, Lidia
9 (RLIN) 74867
245 00 - MENCIÓN DE TÍTULO
Título Lengua española 5 :
Resto del título Quinto grado, segundo ciclo educación primaria /
Mención de responsabilidad, etc. Lidia Valdez ; producción editorial María del Jesús de la Rosa ; ilustraciones Henry Cid ; Corrección de texto Danilda Pérez.
260 ## - PUBLICACIÓN, DISTRIBUCIÓN, ETC.
Lugar de publicación, distribución, etc. Santo Domingo :
Nombre del editor, distribuidor, etc. Actualidad escolar 2000,
Fecha de publicación, distribución, etc. 2016.
300 ## - DESCRIPCIÓN FÍSICA
Extensión v. :
Otras características físicas il. ;
Dimensiones 22 cm.
490 ## - MENCIÓN DE SERIE
Mención de serie Veraz
505 0# - NOTA DE CONTENIDO CON FORMATO
Nota de contenido con formato v.1 :
Título Libro de texto --
Información miscelánea v. 2 :
Título Libro del maestro
590 ## - NOTA LOCAL (RLIN)
Nota local Inventariado, 2018/VM
700 1# - PUNTO DE ACCESO ADICIONAL--NOMBRE DE PERSONA
Nombre de persona Jesús de la Rosa, María del
Término indicativo de función/relación ed.
9 (RLIN) 29833
700 1# - PUNTO DE ACCESO ADICIONAL--NOMBRE DE PERSONA
Nombre de persona Pérez, Danilda
Término indicativo de función/relación corr.
9 (RLIN) 73778
700 1# - PUNTO DE ACCESO ADICIONAL--NOMBRE DE PERSONA
Nombre de persona Cid, Henry
Término indicativo de función/relación il.
9 (RLIN) 346
710 2# - PUNTO DE ACCESO ADICIONAL--NOMBRE DE ENTIDAD CORPORATIVA
Nombre de entidad corporativa o nombre de jurisdicción como elemento de entrada Actualidad Escolar2000 (República Dominicana)
9 (RLIN) 74868
830 00 - PUNTO DE ACCESO ADICIONAL DE SERIE-TÍTULO UNIFORME
Título uniforme Veraz
9 (RLIN) 74848
Holdings
Estado de retiro Estado de pérdida No para préstamo Código de colección Localización permanente Ubicación/localización actual Ubicación en estantería Fecha de adquisición Número de inventario Total de préstamos Signatura topográfica completa Código de barras Fecha visto por última vez Precio válido a partir de Tipo de ítem Koha
    Excluido de préstamo Patrimonio Dominicano General General Depósito 04.10.2018 LF1   v. 1, e. 3 47934-30 25.06.2020 25.06.2020 Libro y Folleto Colección Patrimonio Dominicano
    Excluido de préstamo Patrimonio Dominicano General General Depósito 19.11.2018 LF1   v. 2 , e. 3 47934-40 25.06.2020 25.06.2020 Libro y Folleto Colección Patrimonio Dominicano
    Excluido de préstamo Patrimonio Dominicano Patrimonio Dominicano Patrimonio Dominicano Depósito 04.10.2018 LF1   v. 1 47934-10 25.06.2020 25.06.2020 Libro y Folleto Colección Patrimonio Dominicano
    Excluido de préstamo Patrimonio Dominicano Patrimonio Dominicano Patrimonio Dominicano Depósito 04.10.2018 LF1   v. 1, e. 2 47934-20 25.06.2020 25.06.2020 Libro y Folleto Colección Patrimonio Dominicano
    Excluido de préstamo Patrimonio Dominicano Patrimonio Dominicano Patrimonio Dominicano Depósito 19.11.2018 LF1   v. 2 47934-50 25.06.2020 25.06.2020 Libro y Folleto Colección Patrimonio Dominicano
    Excluido de préstamo Patrimonio Dominicano Patrimonio Dominicano Patrimonio Dominicano Depósito 19.11.2018 LF1   v. 2, e. 2 47934-60 25.06.2020 25.06.2020 Libro y Folleto Colección Patrimonio Dominicano

Powered by Koha